000 00578nam a2200241 a 4500
001 nice12345678
003 IN_TiNIC
005 20260116011502.0
008 050524s1960 laha grp 000 0 urd
020 _a
_c100
082 0 0 _a270
_bSTE
100 _aStephen, D J
245 _aTawarikh-I-Kalisiya Ka Mujmal Baiyan
260 _aLahore
_bSpck
_c1960
300 _a159p
500 _aincludes index and biblioraphy
505 2 _afaith and fact books;143
650 _aChurch-History
700 1 _aStephen, D J
902 _bSRS
942 _cBK
999 _c1964
_d1964